Manažment pohľadávok ako faktor udržania platobnej schopnosti podniku diplomová práca

Guardado en:
Detalles Bibliográficos
Autor principal: Staruch, Jozef
Formato: Libro
Lenguaje:eslovaco
Publicado: Bratislava STU FCHPT 2018
Acceso en línea:Ver en el OPAC
Etiquetas: Agregar Etiqueta
Sin Etiquetas, Sea el primero en etiquetar este registro!

MARC

LEADER 00000nam a2200000 a 4500
005 20260127134412.0
008 180824 2018 a 001 0 slo d
035 |a vtls011774458 
039 9 |y 201808240921  |z mschk03 
040 |a STUSCHK1  |b slo  |c STUSCHK1  |e AACR2 
100 1 |a Staruch, Jozef 
245 1 |a Manažment pohľadávok ako faktor udržania platobnej schopnosti podniku  |b diplomová práca  |c Jozef Staruch 
260 |a Bratislava  |b STU FCHPT  |c 2018 
300 |a 74 s.  |b il.  |c 25 cm 
500 |a Študijný program: riadenie technologických procesov v chémii a potravinárstve 
500 |a Študijný odbor: chemické technológie 
500 |a Školiace pracovisko: Oddelenie manažmentu chemických a potravinárskych technológií 
500 |a Evid. číslo: FCHPT-20355-65928 
910 |a SCHK95 
999 |c 11906  |d 11906